000 00843nam a22002777a 4500
005 20230512222247.0
008 180810t xxu||||| |||| 00| 0 eng d
020 _a9781680946000
040 _cCSPC
082 0 _a647.94068
_bH797
245 0 0 _aHotel management and operations
260 _aNew York:
_bArcler Press,
_c2017.
300 _a226 pages :
_bcolored images, figures, tables;
_c26 cm. +
_e1 computer disc
336 _2rdacontent
_atext
337 _2rdamedia
_aunmediated
337 _2rdamedia
_acomputer
338 _2rdacarrier
_avolume
338 _2rdacarrier
_acomputer disc
500 _aIncludes Index
650 1 0 _aHotel management.
700 1 _aJennifer Raga
_eeditor
940 _aLenie
942 _cBOOK
_jCIR 647.94068 H797 2017
999 _c5559
_d5559